Martín Fierro
Saved in:
| Main Author: | |
|---|---|
| Format: | Book |
| Language: | Spanish |
| Published: |
Santiago
Andres Bello
1987
|
| Edition: | 1a. ed |
| Subjects: | |
| Tags: |
Add Tag
No Tags, Be the first to tag this record!
|
MARC
| LEADER | 00000nam a2200000 a 4500 | ||
|---|---|---|---|
| 001 | UCH5320 | ||
| 003 | CL-VaPUC | ||
| 008 | 091014e19870000CL |||||||||||||||||spa|d | ||
| 082 | 0 | 4 | |a Ar861 |b HER |2 21 |
| 100 | 0 | |a Hernández, José |e author |9 313851 | |
| 245 | 1 | 0 | |a Martín Fierro |
| 250 | |a 1a. ed | ||
| 300 | |a 246 p | ||
| 942 | |c BK | ||
| 945 | |d 20091014 00:00:00 |a lazolas | ||
| 260 | |a Santiago |b Andres Bello |c 1987 | ||
| 650 | 7 | |a POESIAS EPICAS ARGENTINAS |2 CL-VaPUC |9 317935 | |
| 583 | |a last modification |c 20091014 00:00:00 |k Rodrigo Vera | ||
| 999 | |c 336483 |d 336481 | ||